| 000 | 01187cac a2200217 a 4500 | ||
|---|---|---|---|
| 003 | Co-PeBPM | ||
| 005 | 20241125210648.0 | ||
| 008 | 231129e2010||||xx o||||||||||||| ||spa|| | ||
| 040 | 0 |
_aCo-PeBPM _bspa _cCo-PeBPM _erda |
|
| 041 | 0 | _aspa | |
| 082 | 0 | 4 | _a918.63 R595p |
| 110 | 1 |
_aGobernación de Risaralda _eautor |
|
| 245 | 1 | 0 |
_aRisaralda _b: patrimonio cultural gastronómico y arquitectónico _c/ Gobernación de Risaralda |
| 250 | _aPrimera edición | ||
| 260 |
_aPereira, Colombia _b: Gobernación de Risaralda _c2010 |
||
| 504 | _aIncluye bibliografía. | ||
| 505 | _a1.Introducción -- 2.Club de leones Pereira - Maraya -- 3.Historia del departamento de Risaralda -- 4.El mito fundacional y el imaginario del barrio -- 5.Apia -- 6.Balboa -- 7.Belén de Umbria -- 8.Dosquebradas -- 9.Guática -- 10.La Celia -- 11.La Virginia -- 12.Marsella -- 13.Mistrató -- 14.Pereira -- 15.Pueblo Rico -- 16.Quinchia -- 17.Santa Rosa de Cabal -- 18.Santuario -- 19.Patrimonio Natural, Histórico y cultural -- 20.Risaralda Patrimonio Arquitectónico -- 21.Biografías. | ||
| 650 | 1 | 4 |
_2LEMB _aArquitectura diseños _zRisaralda |
| 650 | 1 | 4 |
_2LEMB _aPatrimonio cultural _zColombia |
| 942 |
_2ddc _cBK |
||
| 999 |
_c24118 _d24118 |
||